BOUNDARY ELEMENT FORMULATIONS FOR STRUCTURAL DYNAMICS / (رقم التسجيلة. 163719)
[ عرض عادي ]
| 000 -LEADER | |
|---|---|
| fixed length control field | 03436nam a2200421Ia 4500 |
| 003 - CONTROL NUMBER IDENTIFIER | |
| control field | OSt |
| 005 - أخر تعامل مع التسجيلة | |
| control field | 20260614144733.0 |
| 008 - FIXED-LENGTH DATA ELEMENTS--GENERAL INFORMATION | |
| fixed length control field | 2310s2022 ua a frm 000 0 und d |
| 040 ## - CATALOGING SOURCE | |
| Original cataloguing agency | EG-EULC |
| Language of cataloging | eng |
| Transcribing agency | EG-EULC |
| Modifying agency | EG-EULC |
| Description conventions | rda |
| 041 0# - LANGUAGE CODE | |
| Language code of text/sound track or separate title | eng |
| Language code of summary or abstract | eng |
| -- | ara |
| 049 ## - Acquisition Source | |
| Acquisition Source | Deposit |
| 082 ## - DEWEY DECIMAL CLASSIFICATION NUMBER | |
| Classification number | 624.1 |
| 092 ## - LOCALLY ASSIGNED DEWEY CALL NUMBER (OCLC) | |
| Classification number | 624.1 |
| Edition number | 21 |
| 097 ## - Degree | |
| Degree | Ph.D |
| 099 ## - LOCAL FREE-TEXT CALL NUMBER (OCLC) | |
| Local Call Number | Cai01.13.05.Ph.D.2022.EL.B |
| 100 ## - MAIN ENTRY--PERSONAL NAME | |
| Authority record control number or standard number | ELSAYED MOHAMMED ELSAYED ELSHEIKH, |
| Preparation | preparation. |
| 245 ## - TITLE STATEMENT | |
| Title | BOUNDARY ELEMENT FORMULATIONS FOR STRUCTURAL DYNAMICS / |
| Statement of responsibility, etc. | by ELSAYED MOHAMMED ELSAYED ELSHEIKHP ; Supervised Pro.Dr. Youssef Fawzy Rashed, Prof.Dr. Nayer A. El-Esnawy. |
| 246 ## - VARYING FORM OF TITLE | |
| Title proper/short title | صيغ العناصر الحدية للديناميكا الهيكلية |
| 264 #0 - PRODUCTION, PUBLICATION, DISTRIBUTION, MANUFACTURE, AND COPYRIGHT NOTICE | |
| Date of production, publication, distribution, manufacture, or copyright notice | 2022. |
| 300 ## - PHYSICAL DESCRIPTION | |
| Extent | 91 p. : |
| Other physical details | illustrations |
| Dimensions | 30cm+ |
| Accompanying material | CD |
| 336 ## - CONTENT TYPE | |
| Source | rda content |
| Content type term | text |
| 337 ## - MEDIA TYPE | |
| Source | rdamedia |
| Media type term | Unmediated |
| 338 ## - CARRIER TYPE | |
| Source | rdacarrier |
| Carrier type term | volume |
| 502 ## - DISSERTATION NOTE | |
| Dissertation note | Thesis (Ph.D)-Cairo Univsersity,2022. |
| 504 ## - BIBLIOGRAPHY, ETC. NOTE | |
| Bibliography, etc. note | Bibliography: p. 82-86. |
| 520 #3 - SUMMARY, ETC. | |
| Summary, etc. | This thesis presents new formulations for structure dynamics using the boundary element method and divided into two main topics. The first topic presents a new efficient finite element for dynamic analysis of plane elasticity and for plate bending problems. This new element is based on the use of a relevant fundamental solution as a trial function. In the second topic, formulations for the dynamic analysis of elasticity problems using the indirect boundary element method are presented. The transformation of the domain integrals to the boundary is done using the dual reciprocity methods (DRM). |
| 520 #3 - SUMMARY, ETC. | |
| Summary, etc. | تقدم الرسالة صيغ جديدة لديناميكا الإنشاءات باستخدام طريقة العناصر الحدودية وتنقسم الرسالة الي جزئين:الجزء الأول: تم تطوير عنصر محدود جديد للاستخدام في التحليل الديناميكي لمسائل المرونة وألواح الانحناء. هذا العنصر الجديد مبني على الحل الأصلي للمسالة كدالة تجريبية وتكوين مصفوفة جساءة جديدة لهذا العنصر. تم تكوين مصفوفة الكتلة المقابلة لهذا العنصر باستخدام طريقة العناصر المحدودة التقليدية وتم اختبار هذا العنصر للمسائل العملية المعقدة. الجزء الثاني: تم استنباط صيغ لديناميكا الانشاءات الخاصة بمسائل المرونة وذلك باستخدام طريقة العناصر الحدودية الغير مباشرة. تم نقل التكامل الموجود داخل المسألة الى الحدود الخارجية لها وذلك باستخدام طريقة التبادل الثنائية. تم اختبار هذا الاستنباط لمسائل عددية مختلفة. |
| 530 ## - ADDITIONAL PHYSICAL FORM AVAILABLE NOTE | |
| Issues CD | Issues also as CD. |
| 546 ## - LANGUAGE NOTE | |
| Text Language | Text in English and abstract in Arabic & English. |
| 650 ## - SUBJECT ADDED ENTRY--TOPICAL TERM | |
| Topical term or geographic name entry element | Boundary element |
| 653 ## - INDEX TERM--UNCONTROLLED | |
| Uncontrolled term | Plate bending) |
| 700 ## - ADDED ENTRY--PERSONAL NAME | |
| Personal name | Youssef Fawzy Rashed |
| Relator term | thesis advisor. |
| 700 ## - ADDED ENTRY--PERSONAL NAME | |
| Personal name | Nayer A. El-Esnawy. |
| Relator term | thesis advisor. |
| 900 ## - Thesis Information | |
| Grant date | 01-01-2022 |
| Supervisory body | Youssef Fawzy Rashed, Prof.Dr. |
| -- | Nayer A. El-Esnawy. |
| Universities | Cairo University |
| Faculties | FACULTY OF ENGINEERING |
| Department | Department of Structural Engineering |
| 905 ## - Cataloger and Reviser Names | |
| Cataloger Name | Shimaa |
| 942 ## - ADDED ENTRY ELEMENTS (KOHA) | |
| Koha item type | Thesis |
| Source of classification or shelving scheme | Dewey Decimal Classification |
| Source of classification or shelving scheme | Home library | Current library | Date acquired | Inventory number | Full call number | Barcode | Date last seen | Effective from | Koha item type |
|---|---|---|---|---|---|---|---|---|---|
| Dewey Decimal Classification | المكتبة المركزبة الجديدة - جامعة القاهرة | قاعة الرسائل الجامعية - الدور الاول | 11.02.2024 | 85793 | Cai01.13.05.Ph.D. 2022.EL.B | 01010110085793000 | 30.10.2023 | 30.10.2023 | Thesis |